Central Library and Information Centre
Sibsagar Girls' College, Sivasagar : Assam

CONSTITUTIONAL HISTORY OF INDIA AND NATIONAL MOVEMENT (Record no. 4663)

MARC details
000 -LEADER
fixed length control field 00426cam a2200169ua 4500
008 - FIXED-LENGTH DATA ELEMENTS--GENERAL INFORMATION
fixed length control field 120410n1992 II |||gr||||Z||||||eng
040 ## - CATALOGING SOURCE
Original cataloging agency MAIN
041 ## - LANGUAGE CODE
-- English
082 ## - DEWEY DECIMAL CLASSIFICATION NUMBER
Classification number 342.02 54 RAI
100 ## - MAIN ENTRY--PERSONAL NAME
Personal name RAI, B. C.
245 ## - TITLE STATEMENT
Title CONSTITUTIONAL HISTORY OF INDIA AND NATIONAL MOVEMENT
260 ## - PUBLICATION, DISTRIBUTION, ETC.
Place of publication, distribution, etc. LUCKNOW
Name of publisher, distributor, etc. PRAKASHAN KENDRA
Date of publication, distribution, etc. 1992
300 ## - PHYSICAL DESCRIPTION
Extent 355:
Dimensions 20CM.
942 ## - ADDED ENTRY ELEMENTS (KOHA)
Koha item type Books
653 ## - INDEX TERM--UNCONTROLLED
Uncontrolled term CONSTITUTION OF INDIA
Holdings
Withdrawn status Lost status Damaged status Not for loan Collection code Home library Current library Shelving location Date acquired Full call number Barcode Date last seen Copy number Price effective from Koha item type Public note
        TBHIS Central Library and Information Centre Sibsagar Girls College Central Library and Information Centre Sibsagar Girls College HISTORY RACK 06.06.1990 342.02 54 RAI 12987 27.02.2020 1 27.02.2020 Books V


Sibsagar Girl's College © 2020. All rights reserved.
Powered by Koha.
Maintained by Abhijit Borpuzari.